000 00294nam a2200121Ia 4500
008 191201s2014 xx 000 0 und d
100 _aSTROUSTRUP, B. Jarne
245 0 _aC++ Programming language
250 _aImp16th
260 _c2014
_bpearson
_aNEW DELHI
300 _a1019
942 _2ddc
_cBK
999 _c7909
_d7909